000 01093nam a2200253Ia 4500
999 _c56067
_d56067
001 23167
003 GE_BSU
005 20230717144200.0
008 181216s1967||||ge |||||||||||||| ||geo||
040 _cGE_BSU
041 _ageo
080 _a821.111-31 ჰ-3
100 _aჰარდი, ტომას
_919386
245 _aტეს დ'ერბერვილი. უბიწო ქალი : რომანი /
_cტომას ჰარდი ; თარგმანი ინგლ. გ. ამაშუკელისა ; რედ. ე. გოგოლაშვილი.
264 _aთბილისი :
_bსაბჭ. საქართველო,
_c1967.
300 _a422 გვ. ;
_c22 სმ.
541 _h2ლ. 62თ.
653 _aრომანი
653 _aტეს დ'ერბერვილი
653 _aუბიწო ქალი
700 _aამაშუკელი, გ.
_eმთარგმნელი
_919387
700 _aგოგოლიშვილი, ე.
_eრედაქტორი
_919388
942 _cBK
_2udc